| 000 | 00414nam a2200133Ia 4500 | ||
|---|---|---|---|
| 008 | 220204s9999 xx 000 0 und d | ||
| 020 | _a8186397825 | ||
| 082 |
_a58=573.14 _bMAN.6 |
||
| 100 | _aManilal, KS | ||
| 245 | 0 | _aVan Reedinte Hortus Malabaricus (Malabar poonthottam): Malayalam pathippu. (12vols). Vol.6 | |
| 260 |
_aThiruvanathapuram _bUniversity of Kerala _c2008 |
||
| 650 | _aKerala plants | ||
| 942 | _cBK | ||
| 999 |
_c43238 _d43238 |
||